| 000 | 00359nam a2200145Ia 4500 | ||
|---|---|---|---|
| 005 | 20250508045718.0 | ||
| 008 | 240331s9999 xx 000 0 und d | ||
| 082 |
_bBEN _a891 |
||
| 100 | _aBennett, G | ||
| 245 | 0 | _aAthaiyum thandi punithamanathu | |
| 260 |
_aChennai _bSree Gomathi Achagam _c1993 |
||
| 300 | _a190 p ., | ||
| 650 | _aShort Stories | ||
| 942 | _cL | ||
| 999 |
_c4305 _d4305 |
||